00796nam a2200241 a 450000100060000000300080000600500170001400800410003102000150007203500190008704000260010604100080013208200260014010000300016624500550019626000480025130000270029949000350032650400500036165000370041165100720044883000340052055288BD-RjUL20211209080237.0161115s1993 enkab 000 0 eng d a0521408709 a(BD-RjUL)55410 aBD-RjULbengcBD-RjUL aeng 223a338.941bTOU 19931 aTownsend, Alan R.,d1939-10aUneven regional change in Britain /cA.R. Townsend aLondon :bCambridge University Press,c1993 a96 p. :bill. ;c26 cm aCambridge topics in geography. aIncludes Bibliographical References and Index 0aRegional planningzGreat Britain 0aGreat BritainxEconomic conditionsy1945-1993xRegional disparities 0aCambridge topics in geography